Tous les châssis dans Rocket League - Statistiques

Statistiques générales
  • Ce quiz a été pris 1 272 fois
  • Le résultat moyen est 15 sur 106
Statistiques - réponses
Rareté Châssis % Correct
Commun Octane
97%
Importé Fennec
93%
Commun Dominus
87%
Commun Merc
62%
Commun Breakout
51%
Très rare Scarab
48%
Très rare Takumi
31%
Importé Dominus GT
30%
Commun Paladin
28%
Commun (Nintendo Switch) Mario NSR
27%
Importé Octane ZSR
27%
Commun Road Hog
25%
Commun (Nintendo Switch) Luigi NSR
24%
Exotique Formula 1 2021
23%
Commun Venom
22%
Limité Battle Bus
21%
Commun Gizmo
21%
Commun X-Devil
21%
Premium '99 Nissan Skyline GT-R R34
20%
Très rare Grog
20%
Importé Dingo
19%
Importé Endo
19%
Très rare Aftershock
18%
Commun Backfire
18%
Importé Jäger 619 RS
18%
Très rare Masamune
18%
Commun Hotshot
17%
Très rare Zippy
17%
Très rare Esper
16%
Exotique Lamborghini Huracán STO
16%
Importé Breakout Type-S
15%
Exotique Ford F-150 RLE
15%
Importé Animus GP
14%
Très rare Triton
14%
Importé Mantis
13%
Premium McLaren 570S
13%
Importé Cyclone
12%
Très rare Marauder
12%
Importé (NASCAR 2021 Fan Pack) NASCAR Ford Mustang
12%
Très rare Proteus
12%
Très rare Ripper
12%
Commun (Nintendo Switch) Samus' Gunship
12%
Premium '70 Dodge Charger RT
11%
Premium DeLorean Time Machine
11%
Importé Werewolf
11%
Importé Centio V17
10%
Importé Road Hog XL
10%
Commun (PS4) Sweet Tooth
10%
Très rare Vulcan
10%
Importé Imperator DT5
9%
Limité (Rocket Pass 1) Maverick
9%
Importé Nimbus
9%
Importé Samurai
9%
Importé Twinzer
9%
Importé Diestro
8%
Premium Jurassic Jeep® Wrangler
8%
Exotique Komodo
8%
Importé (NASCAR 2021 Fan Pack) NASCAR Chevrolet Camaro
8%
Importé (NASCAR 2021 Fan Pack) NASCAR Toyota Camry
8%
Limité (Season 2 Rocket Pass) R3MX
8%
Importé Takumi RX-T
8%
Exotique 007's Aston Martin DB5
7%
Commun (Xbox One) Armadillo
7%
Limité (Rocket Pass 5) Chikara
7%
Importé Sentinel
7%
Limité (Rocket Pass 2) Artemis
6%
Limité (Season 1 Rocket Pass) Harbinger
6%
Commun (Xbox One) Hogsticker
6%
Limité (Rocket Pass 1) Maverick GXT
6%
Limité (Season 3 Rocket Pass) Tyranno
6%
Importé X-Devil Mk2
6%
Premium '16 Batmobile
5%
Premium Ghostbusters™ Ecto-1
5%
Limité (Season 1 Rocket Pass) Harbinger GXT
5%
Limité (Rocket Pass 1) Maverick G1
5%
Importé Peregrine TT
5%
Limité (Season 2 Rocket Pass) R3MX GXT
5%
Limité (Rocket Pass 6) Ronin
5%
Premium '89 Batmobile
4%
Limité (Rocket Pass 2) Artemis G1
4%
Limité (Rocket Pass 2) Artemis GXT
4%
Premium Bone Shaker
4%
Limité (Rocket Pass 5) Chikara GXT
4%
Limité (Rocket Pass 3) Guardian
4%
Premium Ice Charger
4%
Limité (Rocket Pass 4) Mudcat
4%
Limité (Rocket Pass 6) Ronin GXT
4%
Limité (Season 3 Rocket Pass) Tyranno GXT
4%
Limité (Rocket Pass 5) Chikara G1
3%
Premium Fast 4WD
3%
Premium Gazella GT™
3%
Limité (Rocket Pass 3) Guardian G1
3%
Limité (Rocket Pass 3) Guardian GXT
3%
Importé Insidio
3%
Premium K.I.T.T.
3%
Premium MR11
3%
Limité (Rocket Pass 4) Mudcat GXT
3%
Limité Nemesis
3%
Limité (Season 4 Rocket Pass) Outlaw
3%
Limité (Rocket Pass 6) Ronin G1
3%
Premium The Dark Knight Tumbler
3%
Premium Twin Mill III
3%
Importé Tygris
3%
Exotique Fast & Furious Pontiac Fiero
2%
Limité (Rocket Pass 4) Mudcat G1
2%
Limité (Season 4 Rocket Pass) Outlaw GXT
2%
Aucun quiz correspondant
Distribution des résultats
% des personnes avec chaque résultat
Percentile par nombre de réponses
Votre historique - résultats
Vous n’avez pas pris ce quiz